Διερεύνηση κριτηρίων αξιολόγησης πυλών περιβαλλοντικής εκπαίδευσης και προτάσεις βελτίωσης της πύλης env-edu : διπλωματική εργασία [μεταπτυχιακή εργασία]

Αποθηκεύτηκε σε:
Λεπτομέρειες βιβλιογραφικής εγγραφής
Κύριος συγγραφέας: Γεωργιάδου, Πολυξένη
Συγγραφή απο Οργανισμό/Αρχή: Πανεπιστήμιο Αιγαίου Σχολή Ανθρωπιστικών Επιστημών Παιδαγωγικό Τμήμα Δημοτικής Εκπαίδευσης Πρόγραμμα Μεταπτυχιακών Σπουδών Επιστήμες της Αγωγής - Εκπαίδευση με τη Χρήση Νέων Τεχνολογιών
Άλλοι συγγραφείς: Λιαράκου, Γεωργία (Εισηγητής διατριβής)
Μορφή: Thesis Βιβλίο
Γλώσσα:Greek
Δημοσίευση: 2012
Θέματα:
Διαθέσιμο Online:http://hdl.handle.net/11610/16170
Ετικέτες: Προσθήκη ετικέτας
Δεν υπάρχουν, Καταχωρήστε ετικέτα πρώτοι!

MARC

LEADER 00000cam a2200000 i 4500
001 1/24856
008 130123s2012 gre d
035 |l 10113538 
040 |a GR-MY-UA  |b gre  |e aacr 
041 0 |a gre 
082 0 |a 025.0422  |2 (22) 
100 1 |a Γεωργιάδου, Πολυξένη. 
245 1 0 |a Διερεύνηση κριτηρίων αξιολόγησης πυλών περιβαλλοντικής εκπαίδευσης και προτάσεις βελτίωσης της πύλης env-edu :  |b διπλωματική εργασία [μεταπτυχιακή εργασία] /  |c Γεωργιάδου Πολυξένη ; επιβλέπουσα: Λιαράκου Γεωργία 
260 |c 2012 
300 |a 113 σ.;  |c 30 εκ. 
500 |a Μέλη εξεταστικής επιτροπής: Σοφός Αλιβίζος, Τσολακίδης Κωνσταντίνος 
502 # # |a Διατριβή (μεταπτυχιακή) – Πανεπιστήμιο Αιγαίου, Ρόδος, 2012. 
504 |a Βιβλιογραφία: σ. 110-113 
650 0 0 |a Web sites  |x Evaluation. 
650 0 0 |a Web sites  |x Design  |x Evaluation. 
650 0 0 |a Educational Web sites  |x Evaluation. 
650 0 0 |a Internet in education. 
650 0 0 |a Education  |x Curricula  |x Computer network resources. 
650 0 0 |a Dissertations, Academic  |z Greece. 
700 1 |a Λιαράκου, Γεωργία.  |4 ths 
710 2 |a Πανεπιστήμιο Αιγαίου  |b Σχολή Ανθρωπιστικών Επιστημών  |b Παιδαγωγικό Τμήμα Δημοτικής Εκπαίδευσης  |b Πρόγραμμα Μεταπτυχιακών Σπουδών Επιστήμες της Αγωγής - Εκπαίδευση με τη Χρήση Νέων Τεχνολογιών. 
852 |a INST  |b RHODES  |c DIATR  |e 20130123  |h 025.0422 ΓΕΩ  |p 005400034802  |q 005400034802  |t MTXE  |y 23 
852 |a INST  |b RHODES  |c DIATR  |e 20130123  |h 025.0422 ΓΕΩ  |p 005400034803  |q 005400034803  |t MTXE  |y 23 
856 |u http://hdl.handle.net/11610/16170 
901 |a BIBL4-2013-1 
909 |a Ρ  |b 176346 
909 |a Ρ  |b 176345 
924 |a ΓΕΩΡΓΙΑΔΟΥ  |b ΠΟΛΥΞΕΝΗ  |y ΡΟΔΟΣ  |z 2012-06 
970 |z 2013/01/23